Educación media de adultos: 2do ciclo, texto cuaderno
Guardat en:
| Autors principals: | , , , , |
|---|---|
| Format: | Llibre |
| Idioma: | espanyol |
| Publicat: |
Santiago
MINEDUC
2001
|
| Edició: | 2a. ed |
| Col·lecció: | Area de Estudio y Comprensión de la Sociedad y la Naturaleza
|
| Matèries: | |
| Etiquetes: |
Afegir etiqueta
Sense etiquetes, Sigues el primer a etiquetar aquest registre!
|
MARC
| LEADER | 00000nam a2200000 a 4500 | ||
|---|---|---|---|
| 001 | UCI3605 | ||
| 003 | CL-VaPUC | ||
| 008 | 071116e20010000CL |||||||||||||||||spa|d | ||
| 082 | 0 | 4 | |a 374.01 |b EGA |2 21 |
| 100 | 0 | |a Egaña Baraona, Loreto |e author |9 525000 | |
| 700 | 0 | |a Barahona J., Macarena |e author |9 525001 | |
| 700 | 0 | |a Gallegos C., Amparo |e author |9 525002 | |
| 700 | |a Kaluf Fuentes, cecilia |e author |9 560826 | ||
| 700 | 0 | |a Muñoz V., Marco |e author |9 525004 | |
| 245 | 1 | 0 | |a Educación media de adultos: 2do ciclo, texto cuaderno |
| 250 | |a 2a. ed | ||
| 300 | |a 177 p | ||
| 942 | |c BK | ||
| 945 | |d 20071116 00:00:00 |a jtorresc | ||
| 260 | |a Santiago |b MINEDUC |c 2001 | ||
| 650 | 0 | |a Educación de adultos |9 307580 | |
| 650 | 0 | |a Enseñanza de las ciencias |9 331919 | |
| 650 | 7 | |a DERECHO HUMANOS |2 CL-VaPUC |9 255407 | |
| 650 | 0 | |a Educación cívica |9 314665 | |
| 650 | 0 | |a Métodos de enseñanza |9 270413 | |
| 583 | |a last modification |c 20170905 12:31:50 |k Rodrigo Vera | ||
| 490 | 0 | |a Area de Estudio y Comprensión de la Sociedad y la Naturaleza | |
| 999 | |c 327744 |d 327742 | ||
| 952 | |0 0 |1 0 |4 0 |6 374_010000000000000_EGA_2001 |7 0 |8 A |9 411140 |a BIBEDU |b BIBEDU |d 2019-11-22 |i 4372808 |o 374.01 EGA 2001 |p 4372808 |r 2019-11-22 |w 2019-11-22 |y BK |k EPE | ||